| 000 | 00853nas a2200289 4500 | ||
|---|---|---|---|
| 001 | BR9601471 | ||
| 003 | BR-BrBNA | ||
| 005 | 20231205094710.0 | ||
| 007 | ta | ||
| 008 | 230509b bl.|||p| |||| 00| 00por d | ||
| 040 |
_aBR-BrBNA _bpor _cBiblioteca Nacional de Agricultura |
||
| 041 | _a(Pt) | ||
| 072 | _aE16 | ||
| 100 | 1 | _aCastro, E.T.P. de | |
| 100 | 1 | _aDias, R.S. | |
| 100 | 1 | _aFontes, R.M.O. | |
| 100 | 1 | _aLima, J.E. | |
| 245 | 1 | _aEstrutura produtiva da soja na regiao tradicional e na regiao de expansao | |
| 650 | _aSoja | ||
| 650 | _aPreco | ||
| 650 | _aCusto | ||
| 650 | _aModelo Matematico | ||
| 650 | _aEstatistica de Producao | ||
| 773 | 0 |
_tRevista de Economia e Sociologia Rural (Brazil) _xISSN 0103-2003 _g(Oct-Dec 1994), v. 32(4) p. 363-373 _wBR9601471 |
|
| 909 |
_a202311 _bLúcia _c55 _dLúcia Elande |
||
| 942 |
_2AGRIS _n0 _cANA |
||
| 999 |
_c146217 _d146217 |
||